| 000 | 00466nam a2200193Ia 4500 | ||
|---|---|---|---|
| 001 | 12013 | ||
| 003 | GE_BSU | ||
| 008 | 181216s||||||||xx |||||||||||||| ||und|| | ||
| 020 | _a9781409101048 | ||
| 040 | _cGE_BSU | ||
| 080 | _a821.111-312.4 | ||
| 100 | _aGardner,Lisa | ||
| 245 | _aLive to tell:A detectived.D. Warner novel | ||
| 260 | _aLondon | ||
| 260 | _bOrion books. | ||
| 260 | _c2010. | ||
| 653 | _aLive to tell:A detectived.D. Warner novel | ||
| 942 | _cBK | ||
| 999 |
_c45190 _d45190 |
||